| 000 | 00809cab a2200265 4500 | ||
|---|---|---|---|
| 001 | ABS60259 | ||
| 008 | 090401t1999 xxu||||| |||| 00| 0 eng d | ||
| 035 | _a(Sirsi) u92268 | ||
| 041 | _aeng | ||
| 100 | _aWhite, I. | ||
| 245 | _aI have a complaint | ||
| 260 | _c1999 | ||
| 350 | _a0 | ||
| 490 |
_aThe Valuer _v68(2) March/April 1999, 6(1) |
||
| 650 | _aABOUT RICS-RELATED ORGANISATIONS-INCORPORATED SOCIETY OF VALUERS AND AUCTIONEERS | ||
| 650 | _aNEGLIGENCE | ||
| 650 | _aPROFESSIONAL INDEMNITY INSURANCE | ||
| 650 | _aRICS ARBITRATION SERVICE | ||
| 650 | _aRICS DISPUTE RESOLUTION SERVICE | ||
| 650 | _aRICS | ||
| 650 | _aSURVEYORS | ||
| 690 | _aMANAGEMENT-DISPUTE AVOIDANCE, MANAGEMENT AND RESOLUTION-DISPUTE MANAGEMENT AND RESOLUTION-ARBITRATION | ||
| 942 | _n0 | ||
| 948 | _c23/03/1999 | ||
| 999 |
_c58506 _d58506 |
||